| 000 | 00533pam a2200181 a 4500 | ||
|---|---|---|---|
| 020 | _a0080377106 : | ||
| 020 | _a0080377114 (pbk.) : | ||
| 082 | 0 | 0 |
_a623.7348 _bHAL _cL-30, P-67 |
| 245 | 0 | 0 |
_aRadar / _cP.S. Hall ... [et. al]. |
| 250 | _a1st ed. | ||
| 260 |
_aLondon ; _aWashington : _bBrassey's (UK), _c1991. |
||
| 300 |
_axiii, 170 p. : _bill. ; _c26 cm. |
||
| 526 |
_a0 _b0 _c0 _d623_734800000000000_HAL |
||
| 650 | 0 |
_aMCE _9379 |
|
| 650 | 0 |
_aRadar _xMilitary applications. _948895 |
|
| 700 | 1 |
_aHall, P. S. _948896 |
|
| 942 |
_2ddc _cBK |
||
| 999 |
_c551758 _d551758 |
||